| Tag |
First Indicator |
Second Indicator |
Subfields |
| LEADER |
00000cam a22000008a 4500 |
| 001 |
in00000070692 |
| 005 |
20151008061849.0 |
| 008 |
800319m19809999enka b 10110 engm |
| 010 |
|
|
|a 79041749
|
| 015 |
|
|
|a GB80
|
| 020 |
|
|
|a 0080240186 (v. 1) :
|c 34.00 (v. 1 : est.)
|
| 035 |
|
|
|a (OCoLC)06194515
|
| 035 |
|
|
|9 AAJ9005AM
|
| 040 |
|
|
|a DLC
|c DLC
|d m.c.
|d TXA
|d UtOrBLW
|
| 049 |
|
|
|a TXAM
|v 1 [1654248]
|v 2 [1167083]
|
| 050 |
0 |
0 |
|a TP157
|b .I57 1980
|
| 082 |
0 |
|
|a 660.2/83
|
| 111 |
2 |
|
|a International Symposium on Chemical Reaction Engineering
|n (6th :
|d 1980 :
|c Nice, France)
|
| 245 |
1 |
0 |
|a Chemical reaction engineering, Nice /
|c sixth International Symposium on Chemical Reaction Engineering, Nice, France, March 25, 26, 27, 1980 ; Jacques Villermaux, editor, Pierre Trambouze, editor.
|
| 250 |
|
|
|a 1st ed.
|
| 263 |
|
|
|a 8001
|
| 264 |
|
1 |
|a Oxford, England ;
|a Elmsford, N.Y. :
|b Pergamon Press,
|c 1980-
|
| 300 |
|
|
|a 2 volumes :
|b illustrations ;
|c 27 cm.
|
| 336 |
|
|
|a text
|b txt
|2 rdacontent
|
| 337 |
|
|
|a unmediated
|b n
|2 rdamedia
|
| 338 |
|
|
|a volume
|b nc
|2 rdacarrier
|
| 500 |
|
|
|a "Organized by Societe de chimie industrielle, Paris as the 221st event of the European Federation of Chemical Engineering, in cooperation with the American Institute of Chemical Engineers."
|
| 500 |
|
|
|a Published as special issues of the journal Chemical engineering science.
|
| 504 |
|
|
|a Includes bibliographies and indexes.
|
| 505 |
0 |
|
|a v. 1. Contributed papers -- v. 2. Plenary lectures.
|
| 650 |
|
0 |
|a Chemical reactors
|v Congresses.
|
| 700 |
1 |
|
|a Villermaux, Jacques.
|
| 700 |
1 |
|
|a Trambouze, Pierre.
|
| 710 |
2 |
|
|a Société de chimie industrielle (France)
|
| 710 |
2 |
|
|a European Federation of Chemical Engineering.
|
| 710 |
2 |
|
|a American Institute of Chemical Engineers.
|
| 730 |
0 |
2 |
|a Chemical engineering science,
|x 0009-2509.
|
| 999 |
|
|
|a MARS
|
| 999 |
f |
f |
|s 8e471b49-91db-3871-8ec2-2656b2ae4fcb
|i d79681de-f21f-3c19-a8af-26bc381f8416
|t 0
|
| 952 |
f |
f |
|p ric
|a Texas A&M University
|b Rellis Campus
|c Joint Library Facility
|d Remote Storage
|t 0
|e TP157 .I57 1980
|h Library of Congress classification
|i unmediated -- volume
|k v.2
|m A14806256347
|
| 952 |
f |
f |
|p ric
|a Texas A&M University
|b Rellis Campus
|c Joint Library Facility
|d Remote Storage
|t 0
|e TP157 .I57 1980
|h Library of Congress classification
|i unmediated -- volume
|k v.1
|m A14806256339
|
| 998 |
f |
f |
|a TP157 .I57 1980
|s v2
|t 0
|l Remote Storage
|